Ultimate West End Musicals Quiz - Statistics

General Stats
  • This quiz has been taken 647 times
    231 since last reset
  • The average score is 30 of 68
Answer Stats
Hint Answer % Correct
Lay all your love on me, Dancing Queen, The winner takes it all Mamma mia
94%
Defying gravity, The Wizard and I, No Good Deed Wicked
92%
Do you hear the people sing, I dreamed a dream, Stars Les Miserables
91%
All that Jazz, Roxie, Nowadays Chicago
87%
Circle of Life, Hakuna Matata, Can you feel the love tonight Lion king
86%
It's a hard knock life, Tommorow, You're Never Fully Dressed Without a Smile Annie
84%
Music of the Night, Angel of music, The point of No Return Phantom of the Opera
84%
Arabian Nights, A Whole New World, Friend Like Me Aladdin
82%
A spoonful of sugar, Chim Chim Cher-ee, Feed the birds Mary Poppins
82%
When I Grow up, Revolting Children, Miracle Matilda
82%
You can't stop the beat, Without love, I can hear the bells Hairspray
80%
Time warp, Sweet Transvestite, Science Fiction Double Feature Rocky horror show
79%
Memory, The Song of the Jellicles, Mr. Mistoffelees Cats
78%
My favourite things, Do-Re-Me, So long, Farewell Sound of Music
77%
Over the rainbow, If I only had a heart, Ding Dong The witch is dead Wizard of Oz
76%
You Must Love Me, Don't Cry for me Argentina, High Flying Adored Evita
75%
You're the one that I want, Summer nights, We go together Grease
75%
My shot, Wait for it, It's quiet Uptown Hamilton
74%
Superstar, The Last supper, Everything's alright Jesus Christ Superstar
73%
Seasons of Love, Take me or Leave Me, La Vie Bohème Rent
71%
Tonight, I feel Pretty, America West side story
69%
Feed me, Suppertime, Downtown (Skid Row) Little shop of horrors
66%
Consider Yourself, Food, Glorious Food, You've Got to Pick a Pocket or Two Oliver
66%
Pirelli's Miracle Elixir, The worst pies in London, Tooth pulling scene Sweeney Todd
59%
Man Up, Baptize Me, All American Prophet The Book of Mormon
59%
I've never been in love before, Lucky be a Lady, Sit down you're rockin the boat Guys and dolls
55%
Any Dream Will Do, Close every door, King of my heart Joseph and the Amazing Technicolor Dreamcoat
53%
Light at the End of the Tunnel, I Am The Starlight, U.N.C.O.U.P.L.E.D. Starlight Express
53%
December 1963, Can't take my eyes off you, Sherry Jersey Boys
51%
Oh, What a Beautiful Mornin, People Will Say We're in Love, I Cain't Say No Oklahoma
49%
Stick It to the Man, Math Is a Wonderful Thing, You're in the Band School of Rock
46%
One Night Only, And I Am Telling You I'm Not Going, I Am Changing Dreamgirls
45%
There's no business like show business, You Can't Get a Man with a Gun, Anything you can do Annie get your gun
44%
Seven Seas of Rhye, Killer Queen, Under Pressure We will Rock you
42%
It must be believed to be seen, Pure Imagination, Vidiots Charlie and the Chocolate Factory
40%
Electricity, Angry Dance, Born to boogie Billy Elliot
38%
Getting to Know You, Shall We Dance, Hello, Young Lovers The King and I
38%
Good mornin', You are my Lucky Star, Fit as a Fiddle Singin' in the Rain
34%
Everybody Say Yeah, Not my Father's son, Soul of a Man Kinky Boots
33%
I'd Give My Life for You, Coo-Coo Princess, The American Dream Miss Saigon
32%
Stayin' Alive, Jive Talkin', How deep is your love Saturday night Fever
32%
I Get a Kick Out of You, You're the Top, All Through the night Anything Goes
28%
If you were gay, Mix tape, Schadenfreude Avenue Q
28%
Put on your Sunday Clothes, Just leave everything to me, Dancing Hello Dolly!
27%
We Ain't Got Dames, Some Enchanted Evening, I'm in love with a wonderful guy South Pacific
25%
Another Op'nin', Another Show, Brush up your Shakespeare, Wunderbar Kiss me Kate
24%
Rhythm of Life, Big Spender, If my friends could see me now Sweet Charity
24%
Gimme Gimme, What Do I Need with Love, Ah! Sweet Mystery Thoroughly Modern Millie
21%
Keep Young and Beautiful, We're in the Money, Shuffle Off to Buffalo 42nd Street
19%
Take Me to Heaven, When I Find My Baby, Sunday Morning Fever Sister Act
19%
Together wherever we go, Some People, You'll never get away from me Gypsy
16%
The Locomotion, I Feel the Earth Move, You've got a friend Beautiful: The Carole King Musical
15%
Somebody to watch over me, I got rhythm, Embraceable You Crazy for you
14%
Till I hear you sing, Devil take the hindmost, Coney Island Waltz Love never dies
14%
ABC, The Tears of a Clown, Dancing in the Street Motown: The Musical
14%
I got Rhythm, S'Wonderful, They Can't Take That Away from Me An American In Paris
13%
Proud Mary, (Simply) The Best, I can't stand the rain Tina: The Musical
13%
The Power of Love, Earth Angel, Future Boy Back to the Future: The Musical
12%
You really got me, Waterloo Sunset, Lola Sunny afternoon
12%
Johnny B. Goode, That'll Be The Day, Peggy Sue Buddy – The Buddy Holly Story
11%
The Lambeth Walk, The Sun Has Got His Hat On, Leaning on a Lamp-post Me and My Girl
11%
Puttin' On the Ritz, Wild About You, I'm Putting All My Eggs in One Basket Top Hat
11%
Wannabe, Spice Up Your Life, Who Do You Think You Are Viva Forever
11%
Tomorrow's just another day, It must be love, Simple Equation Our house
8%
Changes, Life on Mars, Heroes Lazarus
6%
She loves you, Help, Yesterday Let it be
6%
Turkey Lurkey time, I say a little prayer, I'll never fall in love again Promises Promises
6%
Happy Birthday Sweet Sixteen, Do You Wanna Dance?, Wonderful World Dreamboats and Petticoats
5%
No matching quizzes found
Score Distribution
Percent of People with Each Score
Percentile by Number Answered
Your Score History
You have not taken this quiz since the last reset